Города Словакии по населению - Statistics

General Stats
  • This quiz has been taken 10 times
  • The average score is 4 of 9
Answer Stats
Место Население Город % Correct
1 478 040 Братислава
100%
2 225 044 Кошице
67%
4 80 634 Жилина
44%
5 76 499 Нитра
44%
7 62 955 Трнава
44%
3 82 286 Прешов
33%
8 54 065 Тренчин
33%
6 74 065 Банска-Бистрица
22%
9 50 629 Мартин
0%
No matching quizzes found
Score Distribution
Percent of People with Each Score
Percentile by Number Answered
Your Score History
You have not taken this quiz